| 000 | 01013nam a2200265Ia 4500 | ||
|---|---|---|---|
| 003 | OSt | ||
| 005 | 20221005113115.0 | ||
| 006 | a|||||r|||| 00| 0 | ||
| 007 | ta | ||
| 008 | 221004b |||||||| |||| 00| 0 pan d | ||
| 020 |
_a81876541827 _c800 |
||
| 024 | _a117529 | ||
| 037 |
_b598, 09/02/2012, H.K. Prakashan _cTextual |
||
| 040 |
_aCRL _cCRL _bpan |
||
| 041 |
_2pan _apan |
||
| 082 | _aO153,2(Q8441)x, Q0 | ||
| 100 |
_aਪਾਂਧੀ ਨਨਕਾਣਵੀl ਜਗਤਾਰਨ ਸਿੰਘ, ਥਦ। _9624472 |
||
| 245 | 0 | _aਤੱਤੀ ਤਵੀ ਦਾ ਸਖ਼ਰ | |
| 260 |
_aਦਿੱਲੀ _bਮਨਪ੍ਰੀਤ ਪ੍ਰਕਾਨ ਭਾਰਤ _c2010 |
||
| 300 |
_a639ਪੰ _ccm. |
||
| 650 | _a ਪੰਜਾਬੀ ਨਾਟਕ | ||
| 650 | _aਪੰਜਾਬੀ ਸਾਹਿਤ | ||
| 942 |
_hO153,2(Q8441)x, Q0 _cTEXL _2cc |
||
| 999 |
_c1027068 _d1027068 |
||